| 000 | 01191nam a22003497a 4500 | ||
|---|---|---|---|
| 003 | CHAP | ||
| 005 | 20220329142231.0 | ||
| 008 | 000313d1998 it a r 00110 eng d | ||
| 010 | _a80297 | ||
| 011 | _a81269 | ||
| 020 | _a2910810240 | ||
| 035 | _a91736 | ||
| 040 | _cCHAP | ||
| 090 | _aFolleto 15649 | ||
| 100 | 0 | 0 |
_aDadzie, B.K. _930875 |
| 245 | 1 | 0 |
_aPost-harvest characteristics of black Sigatoka resistant banana, cooking banana and plantain hybrids _c/by B.K. Dadzie |
| 260 |
_aRome : _bInternational Plant Genetic Resources Institute, _c1998. |
||
| 300 |
_a75 p. : _bilus. gráfs. |
||
| 590 |
_aBATCH-UPD _b10 _c20130110 _lUCH01 _h0025 |
||
| 590 |
_aBATCH-UPD _b10 _c20130110 _lUCH01 _h0444 |
||
| 590 |
_aBATCH-UPD _b10 _c20130410 _lUCH01 _h0319 |
||
| 590 |
_aBATCH-UPD _b10 _c20130914 _lUCH01 _h1135 |
||
| 590 |
_aCONVERSION _b10 _c20130109 _lUCH01 _h1345 |
||
| 650 | 1 | 4 |
_aMycosphaerella musicola. _979934 |
| 650 | 1 | 4 |
_aPlátano _xHíbridos. _989240 |
| 650 | 1 | 4 |
_aPlátano _xMejoramiento. _989251 |
| 650 | 1 | 4 |
_aPlátano _xTecnología postcosecha. _989272 |
| 901 | _aBK | ||
| 905 | _aAlejandra Carrasco M. | ||
| 942 | _cFOLL | ||
| 949 |
_aFolleto 15649 _bBC _cFOLL _d917361 _eTS1 _i91736 _sb |
||
| 999 |
_c80297 _d80297 |
||